WHO SAYS YOU CAN T YOU DO (Record no. 30905)
[ view plain ]
| 000 -LEADER | |
|---|---|
| fixed length control field | 00289nam a2200133Ia 4500 |
| 008 - FIXED-LENGTH DATA ELEMENTS--GENERAL INFORMATION | |
| fixed length control field | 240624s9999 xx 000 0 und d |
| 041 ## - LANGUAGE CODE | |
| Language code of text/sound track or separate title | eng |
| 082 ## - DEWEY DECIMAL CLASSIFICATION NUMBER | |
| Classification number | 828 CHI |
| 100 ## - MAIN ENTRY--PERSONAL NAME | |
| Personal name | CHIDIAC DANIEL |
| 245 ## - TITLE STATEMENT | |
| Title | WHO SAYS YOU CAN T YOU DO |
| 260 ## - PUBLICATION, DISTRIBUTION, ETC. | |
| Date of publication, distribution, etc. | 2018 |
| 300 ## - PHYSICAL DESCRIPTION | |
| Extent | 368 p. |
| 365 ## - TRADE PRICE | |
| Currency code | RS |
| Withdrawn status | Lost status | Damaged status | Not for loan | Home library | Current library | Shelving location | Date acquired | Cost, normal purchase price | Total Checkouts | Total Renewals | Full call number | Barcode | Date due | Date last seen | Date last checked out | Price effective from | Koha item type |
|---|---|---|---|---|---|---|---|---|---|---|---|---|---|---|---|---|---|
| IMTN | IMTN | Rack 42-A | 08/03/2018 | 275.00 | 1 | 2 | 828 CHI | 30905 | 12/19/2025 | 07/05/2024 | 07/05/2024 | 06/24/2024 | Books |